Introducción a la física y a la química : (Record no. 32105)

MARC details
000 -CABECERA
campo de control de longitud fija 00818nam a2200229 a 4500
005 - FECHA Y HORA DE LA ÚLTIMA TRANSACCIÓN
campo de control 20220604063644.0
008 - ELEMENTOS DE LONGITUD FIJA--INFORMACIÓN GENERAL
campo de control de longitud fija 991125s1997 mx 000 0 spa u
020 ## - NÚMERO INTERNACIONAL NORMALIZADO PARA LIBROS
Número Internacional Estándar del Libro 9681851714
035 ## - NÚMERO DE CONTROL DEL SISTEMA
Número de control de sistema UPN01000032105
049 ## - COLECCIÓN
Colección LT
050 #4 - SIGNATURA TOPOGRÁFICA DE LA BIBLIOTECA DEL CONGRESO
Número de clasificación LB1648 M6.1T35
Número de documento/Ítem 1997
100 1# - ASIENTO PRINCIPAL--NOMBRE PERSONAL
Nombre de persona Tambutti, Romilio
245 10 - MENCIÓN DE TÍTULO
Título Introducción a la física y a la química :
Resto del título enseñanza básica /
Mención de responsabilidad, etc. Romilio Tambutti, Héctor Muñoz
260 ## - PUBLICACIÓN, DISTRIBUCIÓN, ETC.
Lugar de publicación, distribución, etc. México :
Nombre del editor, distribuidor, etc. Limusa$bNoriega,
Fecha de publicación, distribución, etc. 1997
300 ## - DESCRIPCIÓN FÍSICA
Extensión 274 p. :
Otras características físicas il. col.
500 ## - NOTA GENERAL
Nota general Primer grado. -- De acuerdo con los últimos programas oficiales. -- Modernización educativa
650 #4 - ASIENTO SECUNDARIO DE MATERIA - TERMINO TEMATICO
Término de materia o nombre geográfico como elemento de entrada Física
Subdivisión general Estudio y enseñanza (Secundaria)
9 (RLIN) 8873
650 #4 - ASIENTO SECUNDARIO DE MATERIA - TERMINO TEMATICO
Término de materia o nombre geográfico como elemento de entrada Química
Subdivisión general Estudio y enseñanza (Secundaria)
9 (RLIN) 7244
700 2# - ASIENTO SECUNDARIO--NOMBRE DE PERSONAL
Nombre de persona Muñoz, Héctor,
Término indicativo de función/relación coaut.
904 ## - ELEMENTOS DE DATOS D LOCAL, LDD (RLIN)
a AC
b 032106
905 ## - TIPO DE MATERIAL
Tipo de material Libro

No items available.